|
|
|
|
| LEADER |
01000nam a2200253 a 4500 |
| 001 |
13381796 |
| 008 |
110302r20102004enka b 001 0 eng d |
| 010 |
|
|
|a 2003063284
|
| 020 |
|
|
|a 0521833787
|
| 020 |
|
|
|a 9780521833783
|
| 040 |
|
|
|a DLC
|c DLC
|d DLC
|d BD-DhAAL
|
| 082 |
0 |
0 |
|a 519.6
|2 22
|
| 100 |
1 |
|
|a Boyd, Stephen P.
|
| 245 |
1 |
0 |
|a Convex optimization /
|c Stephen Boyd, Lieven Vandenberghe.
|
| 260 |
|
|
|a Cambridge, UK ;
|a New York :
|b Cambridge University Press,
|c 2004. [Reprinted 2010]
|
| 300 |
|
|
|a xiii, 716 p. :
|b ill. ;
|c 26 cm.
|
| 504 |
|
|
|a Includes bibliographical references (p. [685]-696) and index.
|
| 541 |
1 |
|
|e 00021994
|
| 650 |
|
0 |
|a Mathematical optimization.
|
| 650 |
|
0 |
|a Convex functions.
|
| 700 |
1 |
|
|a Vandenberghe, Lieven.
|
| 852 |
4 |
|
|a Ayesha Abed Library
|j General shelf
|
| 999 |
|
|
|c 10498
|d 10498
|
| 952 |
|
|
|0 0
|1 0
|2 ddc
|4 0
|6 519_600000000000000_BOY
|7 0
|9 14520
|a BRACUL
|b BRACUL
|c GEN
|d 2011-03-02
|e Karim International
|g 5040.00
|l 1
|m 1
|o 519.6 BOY
|p 3010021994
|r 2025-02-27
|s 2024-06-30
|t 1
|w 2011-03-02
|y BK
|